000
00333 a2200145 4500
001
62054
020
_a
040
_c
Anchieta - Pituba
240
1
0
_a
Vestibular comentado
_l
por
245
1
0
_a
Vestibular comentado
300
_a
24
362
0
_a
2008
650
4
_a
. Vestibulares / Exames de admissão em universidades
942
_c
BK
999
_c
62054
_d
62054